Implementace kanbanu ve firmě

Operatívne plánovanie a riadenie výroby firmy Barum Otrokovice realizované kanbanom. Prínos kanbanu v procese plánovania výroby.

Na minha lista:
Detalhes bibliográficos
Autor principal: Hala, Vlastimil
Formato: Capítulo de Livro
Idioma:tcheco
Assuntos:
Tags: Adicionar Tag
Sem tags, seja o primeiro a adicionar uma tag!

MARC

LEADER 00000naa a2200000 4500
001 r042500
005 20231003123300.4
041 0 |a cze 
044 |a CZ 
245 1 0 |a Implementace kanbanu ve firmě  |c Vlastimil Hala 
520 |a Operatívne plánovanie a riadenie výroby firmy Barum Otrokovice realizované kanbanom. Prínos kanbanu v procese plánovania výroby. 
610 2 0 |a organizácia výroby 
610 2 0 |a JIT 
610 2 0 |a firmy 
610 2 0 |a plánovanie výroby 
610 2 0 |a kanban 
610 2 0 |a Barum Continental, s.r.o. Otrokovice 
100 1 |a Hala, Vlastimil